Julio César

Guardado en:
Bibliografiske detaljer
Hovedforfatter: Shakespeare, William
Format: Bog
Sprog:Undetermined
Udgivet: San José, Costa Rica Editorial de la Universidad de Costa Rica 1994
Fag:
Tags: Tilføj Tag
Ingen Tags, Vær først til at tagge denne postø!

MARC

LEADER 00000nam a2200000Ia 4500
008 170316s9999 xx 000 0 und d
040 |a cru BVZT 
090 |a 820 S-5j 
100 |a Shakespeare, William 
245 |a Julio César 
260 |a San José, Costa Rica 
260 |b Editorial de la Universidad de Costa Rica 
260 |c 1994 
300 |a 97 páginas 
650 |a LITERATURA INGLESA 
999 |c 7129  |d 7129 
942 |c 15 D  |h 820 S-5j  |2 z